[Event "VIE-ch U11"]
[Site "Ho Chi Minh City"]
[Date "2022.07.14"]
[Round "6"]
[White "Pham, Hai Minh"]
[Black "Phan, Trong Duc"]
[Result "1-0"]
[WhiteElo "2374"]
[BlackElo "2357"]
[PlyCount "115"]
[EventDate "2022.07.11"]
[EventType "swiss"]
[EventRounds "9"]
[EventCountry "VIE"]
[SourceTitle "EXT 2023"]
[Source "ChessBase"]
[SourceDate "2022.10.05"]
[SourceVersion "1"]
[SourceVersionDate "2022.10.05"]
[SourceQuality "1"]

1. d4 d5 2. c4 c6 3. Nc3 Nf6 4. Bg5 e6 5. e4 dxe4 6. Nxe4 Be7 7. Bxf6 Bxf6 8. Nf3 Be7 9. Bd3 Nd7 10. 0-0 Nf6 11. Qc2 g6 12. Rad1 Nxe4 13. Bxe4 Bf6 14. Rfe1 0-0 15. h3 Qc7 16. d5 cxd5 17. cxd5 Qxc2 18. Bxc2 exd5 19. Rxd5 Be6 20. Rb5 Bxa2 21. Ra1 a6 22. Rxb7 Bd5 23. Rb6 Bxf3 24. Rxf6 Bb7 25. Ra5 Rac8 26. Bd3 Rb8 27. b3 Rfd8 28. Bc4 Rd7 29. Rb6 Rd1+ 30. Kh2 Rdd8 31. Bxa6 Bxa6 32. Raxa6 Rxb6 33. Rxb6 Rd1 34. Rc6 Rb1 35. Rc3 Kg7 36. Kg3 Kf6 37. f3 Rb2 38. f4 h5 39. Kf3 Kf5 40. h4 f6 41. g3 Rb1 42. Ke3 Rb2 43. Kd4 Kg4 44. Kc5 Rg2 45. b4 Rxg3 46. Rxg3+ Kxg3 47. b5 Kxh4 48. b6 Kg4 49. b7 Kxf4 50. b8Q+ Kg4 51. Kd4 f5 52. Ke3 g5 53. Kf2 f4 54. Qc8+ Kh4 55. Kf3 g4+ 56. Kxf4 g3 57. Qc2 g2 58. Qf2+ 1-0

[Event "VIE-ch U11"]
[Site "Ho Chi Minh City"]
[Date "2022.07.12"]
[Round "2"]
[White "Pham, Hai Minh"]
[Black "Bien, Hoang Gia Phu"]
[Result "1-0"]
[WhiteElo "2374"]
[BlackElo "2363"]
[PlyCount "85"]
[EventDate "2022.07.11"]
[EventType "swiss"]
[EventRounds "9"]
[EventCountry "VIE"]
[SourceTitle "EXT 2023"]
[Source "ChessBase"]
[SourceDate "2022.10.05"]
[SourceVersion "1"]
[SourceVersionDate "2022.10.05"]
[SourceQuality "1"]

1. d4 d5 2. c4 e6 3. Nc3 Nf6 4. Bg5 Be7 5. cxd5 exd5 6. Qc2 c6 7. e3 Be6 8. Bd3 h6 9. Bh4 0-0 10. Nge2 Nbd7 11. f3 Re8 12. 0-0 Nh5 13. Bf2 Bh4 14. Rae1 Bxf2+ 15. Rxf2 Nb6 16. e4 g6 17. e5 Ng7 18. Ref1 Bf5 19. f4 Nc4 20. Nd1 Rc8 21. b3 Na3 22. Qd2 Bxd3 23. Qxd3 Nb5 24. Ne3 Qd7 25. f5 Nxd4 26. Qxd4 g5 27. Ng4 c5 28. Qe3 Rc6 29. e6 Qd8 30. Nxh6+ Kf8 31. Nxf7 Qf6 32. Qh3 d4 33. Ng3 a6 34. Ne4 Qxf7 35. exf7 Kxf7 36. Nxg5+ Kf8 37. Qh8+ Ke7 38. Qxg7+ Kd8 39. Qxb7 Rf6 40. Ne6+ Rfxe6 41. fxe6 Rxe6 42. Rf8+ Re8 43. Rxe8+ 1-0

[Event "VIE-ch U20"]
[Site "Hanoi"]
[Date "2022.06.13"]
[Round "4"]
[White "Pham, Hai Minh"]
[Black "Nguyen, Duc Sang"]
[Result "0-1"]
[WhiteElo "2264"]
[BlackElo "2261"]
[PlyCount "72"]
[EventDate "2022.06.11"]
[EventType "swiss"]
[EventRounds "9"]
[EventCountry "VIE"]
[SourceTitle "EXT 2023"]
[Source "ChessBase"]
[SourceDate "2022.10.05"]
[SourceVersion "1"]
[SourceVersionDate "2022.10.05"]
[SourceQuality "1"]

1. d4 d5 2. c4 c6 3. Nc3 Nf6 4. Bf4 e6 5. Nf3 dxc4 6. e4 b5 7. a4 Bb4 8. Bg5 h6 9. Bh4 g5 10. Nxg5 hxg5 11. Bxg5 Rg8 12. h4 Be7 13. axb5 cxb5 14. Nxb5 Nxe4 15. Bxe7 Qxe7 16. Qa4 Bd7 17. Qxc4 Bc6 18. Qc2 Qb4+ 19. Nc3 Qxd4 20. Rd1 Qc5 21. h5 Nxc3 22. bxc3 Qe5+ 23. Be2 Nd7 24. h6 Ke7 25. Qb2 Rxg2 26. Qb4+ Nc5 27. h7 Rg5 28. Rf1 Bf3 29. Rd2 Rb8 30. Qc4 Rg4 31. Qa2 Ra4 32. Qc2 Ra1+ 33. Rd1 Rxd1+ 34. Kxd1 Bxe2+ 35. Qxe2 Rd8+ 36. Ke1 Qxc3+ 0-1